| 000 | 00347nam a22001337a 4500 | ||
|---|---|---|---|
| 020 | _a9781107699809 | ||
| 082 | _a500 BAX | ||
| 100 | _a Fiona Baxter. | ||
| 245 | _aCambridge primary science learner's book 6 | ||
| 260 |
_aCambridge _bCambridge University Press _c 2014 |
||
| 300 |
_a112p. _bill; |
||
| 700 | _aLiz dilley, Jon Board | ||
| 942 | _cBK | ||
| 999 |
_c490833 _d490833 |
||